01176nam a2200241Ia 4500952010200000952010200102999001700204008004100221020001500262050002400277100002700301245011800328250001800446260005100464300003500515500003600550505025500586519000900841650003100850650002200881650002400903942000700927 00102lcc4070a11b11d2007-01-08l0oNK2113 M57 2004p11 005762r2012-06-26t1w2012-06-26yLB 00102lcc4070a11b11d2015-08-20l0oNK2113 M57 2004p11 012518r2015-08-20t2w2015-08-20yLB c71300d71300120626s99992004Nyuilus 000 0 eng d a0471225525 aNK2113.5 bM57 2004 aMitton, Maureeneautor aInterior desing visual presentationb: a guide to graphics, models & presentation techniquesc / Maureen Mitton a2a. edición aNew York, New Yorkb: John Wiley & Sonsc2004 a238 páginasb: ilustraciones aIncluye: Apéndices e índice aOrthographic drawings.- The design process and related graphics.- Paraline and perspective drawings.- Drawing and Sketching interior environments.- Rendering.- Color plates.- Scale models.- Presenting materials and finishes.- Portfolios and resumes.- a d  0aDECORACIÓN DE INTERIORES 0aARTES GRÁFICAS  0aDISEÑO GRÁFICO  cLB